| 000 | 00748nam a2200181Ia 4500 | ||
|---|---|---|---|
| 003 | GCL | ||
| 008 | 140319s9999 xx 000 0 ara d | ||
| 040 |
_aGCL / _cGCL |
||
| 082 | 0 | 4 |
_a217.5 _bا م |
| 100 | 1 | _aامين الخولى | |
| 245 | 1 | 0 |
_aالاعمال الكاملة: امين الخولى المجددون فى الاسلام مشكلات حياتنا اللغويةصلة الاسلام باصلاح المسيحية / _cامين الخولى |
| 260 |
_a[S.N] : _bالهيئة المصرية العامة للكتاب ، _c1993 |
||
| 490 |
_aالاعمال الكاملة _v0 |
||
| 650 | 0 | 4 | _aالاسلام |
| 650 | 0 | 4 | _aالاسلام والمسيحية |
| 650 | 0 | 4 | _aالاسلام والاصلاح الدينى |
| 942 |
_2ddc _cBK |
||
| 999 |
_c29623 _d29623 |
||